| 000 | 01135nam a2200253 i 4500 | ||
|---|---|---|---|
| 001 | 8412 | ||
| 003 | KOSZ 005 | ||
| 005 | 20220324110744.0 | ||
| 008 | 081127s1956 pl a f 000 0 pol | ||
| 015 | _aPB 1956/6472 | ||
| 040 |
_aWA N _cKOSZ 005/RW _dKOSZ 005/RW |
||
| 080 | _a621.3(075) | ||
| 100 | 1 |
_aDomagalski, Edward. _eAutor. |
|
| 245 | 1 | 0 |
_aLinie napowietrzne drutowe / _cEdward Domagalski. |
| 260 |
_aWarszawa : _bWydawnictwa Komunikacyjne, _c1956. |
||
| 300 |
_a309, [2] s. : _bil. ; _c21 cm. |
||
| 380 | _aKsiążki. | ||
| 521 | 8 | _aZatwierdzony przez Centralny Urząd Szkolnictwa Zawodowego jako podręcznik zastępczy dla kl. 3 technikum łączności, wydział eksploatacji urządzeń teletechnicznych przenoszeniowych; książka może być użyteczna dla pracowników technikum budowlanictwa łączności. | |
| 650 | 4 |
_aTelekomunikacja _xurządzenia. |
|
| 655 | 4 | _aPodręczniki dla szkół zawodowych | |
| 710 | 2 |
_aWydawnictwa Komunikacyjne (Warszawa) _4pbl. |
|
| 856 |
_uhttp://koha.tu.koszalin.pl/cgi-bin/koha/opac-detail.pl?biblionumber=8412 _yKatalog online BPK |
||
| 942 |
_2UKD _cKS |
||
| 999 |
_c8412 _d8412 |
||